000 00804nas a2200253 454500
001 42633
005 20260407193511.0
008 260407s2002####ag###########|||spa#d
003 AR-UNSa-BCEJYS
040 _aAR-UNSa-BCEJYS
_bspa
_cAR-UNSa-BCEJYS
080 _a008
_xCivilización. Cultura. Progreso
245 1 0 _aTodavía
_ppensamiento y cultura en América Latina
022 _a1666-5864
264 1 _aBuenos Aires :
_bFundación OSDE
_c2002
310 _aFrecuencia: Trimestral
041 _aspa
942 _cSER
590 _aniveau_biblio:s niveau_hierar:1
100 1 _aSánchez de Bustamante, Tomás Amílcar Rodrigo
650 _aCultura
650 _aTecnología
650 _aCiencia
856 4 1 _uhttps://biblioeco.unsa.edu.ar/pmb/images/revistas/R20783.jpg
_yImagen de portada
_qimage/jpeg
999 _c8892
_d8892